Skład Manchesteru City vs Inter Mediolan w finale LM 2023 - Statystyki

Ogólne statystyki
  • Ten quiz został rozwiązany 438 razy
  • Średni wynik to 9 z 11
Statystyki odpowiedzi
Numer Pozycja Zawodnik % Poprawnych
31 Bramkarz Ederson
98%
9 Napastnik Erling Haaland
96%
16 Defensywny pomocnik Rodri
89%
17 Ofensywny pomocnik Kevin De Bruyne
86%
3 Środkowy obrońca Rúben Dias
81%
10 Lewy skrzydłowy Jack Grealish
80%
5 Defensywny pomocnik John Stones
79%
6 Środkowy obrońca Nathan Aké
74%
20 Prawy skrzydłowy Bernardo Silva
71%
25 Środkowy obrońca Manuel Akanji
67%
8 Ofensywny pomocnik İlkay Gündoğan
57%
Nie znaleziono quizów pasujących do podanych kryteriów
Rozkład punktacji
Procent ludzi z każdym wynikiem
Percentyl według liczby udzielonych odpowiedzi
Twoja historia wyników
Nie rozwiązałeś tego quizu